Από την τραγωδία στο δράμα : μελέτες συγκριτικής θεατρολογίας
Αποθηκεύτηκε σε:
| Κύριος συγγραφέας: | |
|---|---|
| Μορφή: | Βιβλίο |
| Γλώσσα: | Greek |
| Δημοσίευση: |
Αθήνα :
Αφοί Τολίδη,
1994.
|
| Σειρά: | Θεατρική έρευνα (Συλλογή)
; 4 |
| Θέματα: | |
| Ετικέτες: |
Προσθήκη ετικέτας
Δεν υπάρχουν, Καταχωρήστε ετικέτα πρώτοι!
|
MARC
| LEADER | 00000cam a2200000 i 4500 | ||
|---|---|---|---|
| 001 | 1/11310 | ||
| 008 | 000911s1994 gr | ||| |||| ||gre|| | ||
| 020 | |a 960716225 | ||
| 035 | |l 10063786 | ||
| 040 | |a GR-MY-UA |b gre |e aacr | ||
| 041 | 0 | |a gre | |
| 082 | 7 | |a 792.01 |2 (22) | |
| 100 | 1 | |a Γραμματάς, Θόδωρος Α., |d 1951- | |
| 245 | 1 | 0 | |a Από την τραγωδία στο δράμα : |b μελέτες συγκριτικής θεατρολογίας / |c Θόδωρος Γραμματάς. |
| 260 | |a Αθήνα : |b Αφοί Τολίδη, |c 1994. | ||
| 300 | |a 148 σ. ; |c 21 εκ. | ||
| 490 | 1 | |a (Θεατρική έρευνα / Συλλογή ; |v 4) | |
| 650 | 0 | 0 | |a Theater |z Greece. |
| 650 | 0 | 0 | |a Greek drama. |
| 830 | 0 | |a Θεατρική έρευνα (Συλλογή) |v ; 4 | |
| 852 | |a INST |b RHODES |e 20000911 |h 792.01 ΓΡΑ |p 005400017553 |q 005400017553 |t BK |y 0 | ||
| 901 | |a BIBL4-2000-2 | ||
| 909 | |a Ρ |b 078565 | ||
| 922 | |a 4ΕΛΗ |b 200004 |c ΔΩΡΕΑ | ||
| 970 | |z 2000/09/ΧΡΥΣΑΝΘΗ | ||